Normal view
MARC view
- اللافقاريات
Entry Topical Term
001 - CONTROL NUMBER
- control field: 20022
003 - CONTROL NUMBER IDENTIFIER
- control field: JO-AjAnu
005 - DATE AND TIME OF LATEST TRANSACTION
- control field: 20230606073505.0
008 - FIXED-LENGTH DATA ELEMENTS
- fixed length control field: 230606|| aca||aabn | a|a d
040 ## - CATALOGING SOURCE
- Original cataloging agency: JO-AjAnu
- Transcribing agency: JO-AjAnu
150 ## - HEADING--TOPICAL TERM
- Topical term or geographic name entry element: اللافقاريات
670 ## - SOURCE DATA FOUND
- Source citation: Work cat.: (JO-AjAnu)10281: حموي ، عادل/ م مشارك حسن حلمي خاروف , author 20021, اللافقاريات العليا